Hodnotovo-motivačný vzťah v profesii sestry

Bibliographic Details
Main Authors: Kristová, Jarmila, 1964- (Author), Závodná, Vlasta (Author)
Format: Article
Language:Slovak
PhysicalDescription:Obr.
ISSN:1336-5606
Subjects:

MARC

LEADER 00000nab a2200000 a 4500
001 vtls008416484
003 SK-MaSNL
005 20260304180315.0
008 250505c2005 xo 0 slo
015 |a SNBCL2005/5 
035 |a SLK034185 
035 |a urn:nbn:sk:snk-ab34xe 
035 |a (urnnbn)urn:nbn:sk:snk:ar-a05y0e 
035 |a (uuid)62a2c950-3e93-4dc5-8890-e477925a1aa3 
040 |a SNKBUCL  |b slo  |c SNKBUCL  |e AACR2 
041 0 |a slo  |b eng  |b slo 
044 |a xo  |c SK 
080 |a 616-083:614.2  |2 1981 
100 1 |a Kristová, Jarmila,  |d 1964-  |4 aut  |9 214065 
245 1 0 |a Hodnotovo-motivačný vzťah v profesii sestry  |c Jarmila Kristová, Vlasta Závodná 
246 1 0 |a Valuation - motivational relation in nursing profession 
300 |b Obr. 
504 |a Res. angl., slov. 
504 |a Bibliogr. odkazy 
650 0 7 |a ošetrovateľstvo  |2 MESH  |9 2557 
650 0 7 |a štúdium ošetrovateľstva  |2 MESH  |9 1403863 
650 0 7 |a motivácia  |2 MESH  |9 1779 
650 0 7 |a vzťahy zdravotnícky pracovník-pacient  |2 MESH  |9 1339210 
650 0 7 |a klinická psychológia  |2 MESH  |9 2506 
650 0 7 |a sebahodnotenie  |2 MESH  |9 21934 
700 1 |a Závodná, Vlasta  |4 aut  |9 7059 
773 0 |t Ošetrovateľský obzor  |g Roč. 2, č. 2 (2005), s. 53-55  |x 1336-5606 
850 |a Slovenská národná knižnica 
852 |a Slovenská národná knižnica 
954 |a odborná, vedecká literatúra pôvodná (slovenská)  |2 lita 
958 |a article27 
958 |a OND 
958 |a EUIPO 
999 |c 3017413  |d 3019343